Hadith and Sunnah Ideals and Realities (Record no. 347621)

000 -LEADER
fixed length control field 00376 a2200157 4500
020 ## - INTERNATIONAL STANDARD BOOK NUMBER
International Standard Book Number 9695191150
082 ## - DEWEY DECIMAL CLASSIFICATION NUMBER
Classification number 297.124
090 ## - LOCALLY ASSIGNED LC-TYPE CALL NUMBER (OCLC); LOCAL CALL NUMBER (RLIN)
-- 5202
-- 5202
100 ## - MAIN ENTRY--PERSONAL NAME
Personal name Koya,P.K.
245 ## - TITLE STATEMENT
Title Hadith and Sunnah Ideals and Realities
Statement of responsibility, etc. P.K.Koya
250 ## - EDITION STATEMENT
Edition statement 1st
260 ## - PUBLICATION, DISTRIBUTION, ETC.
Place of publication, distribution, etc. Lahore
Name of publisher, distributor, etc. Suhail Academy
Date of publication, distribution, etc. 2005
300 ## - PHYSICAL DESCRIPTION
Extent 326p
500 ## - GENERAL NOTE
General note Hard cover
942 ## - ADDED ENTRY ELEMENTS (KOHA)
Institution code [OBSOLETE] NBS
Koha item type Book
Call number prefix 297.124 KOY
Holdings
Withdrawn status Lost status Damaged status Not for loan Permanent Location Current Location Date acquired Total Checkouts Total Renewals Full call number Barcode Checked out Date last seen Date last checked out Price effective from Koha item type
        Central Library (CL) Central Library (CL) 08/28/2013 2 1 297.124 KOY NBSD-1318 09/29/2019 10/03/2018 10/03/2018 08/28/2013 Book
© 2023 Central Library, National University of Sciences and Technology. All Rights Reserved.